LEADER 02739nam1 2200409 450 001 000015571 005 20080826162718.0 100 $a20080826g18921896km-y0itay50------ba 101 0 $aita 102 $aIT 105 $aac------001yy 200 1 $aRaccolta di documenti e studi pubblicati dalla R. Commissione Colombiana pel quarto centenario dalla scoperta dell'America 210 $aRoma$causpice il Ministero della Pubblica Istruzione$d1892-1896 215 $av.$cill.$d39 cm 316 $aLegature in quarto di pelle su piatti dic artone ricoperti di c. dec. (40x35 cm); dorsi con tit., numero del tomo e filetti impressi in oro, ivi, inoltre, etichette con antiche segnature$51892-1896 463 \1$1001000015574$12001 $aScritti di Cristoforo Colombo 463 \1$1001000015580$12001 $aDocumenti relativi a Cristoforo Colombo e alla sua famiglia 463 \1$1001000015581$12001 $aScritti di Cristoforo Colombo 463 \1$1001000015585$12001 $aAutografi di Cristoforo Colombo 463 \1$1001000015587$12001 $aAutografi di Cristoforo Colombo$esupplemento 463 \1$1001000015588$12001 $a<>codice dei privilegi di Cristoforo Colombo$eedito secondo i manoscritti di Genova, di Parigi e di Providence 463 \1$1001000015589$12001 $aQuistioni colombiane 463 \1$1001000015590$12001 $aFonti italiane per la storia della scoperta del nuovo mondo 463 \1$1001000015593$12001 $a<>costruzioni navali e l'arte della navigazione al tempo di Cristoforo Colombo 463 \1$1001000015594$12001 $a<>declinazione magnetica e la sua variazione nello spazio, scoperte da Cristoforo Colombo 463 \1$1001000015595$12001 $a<>vita e i tempi di Paolo Dal Pozzo Toscanelli$ericerche e studi di Gustavo Uzielli$econ un capitolo (VI) sui lavori astronomici del Toscanelli 463 \1$1001000015596$12001 $aPietro Martire D' Anghiera e le sue relazioni sulle scoperte oceaniche$enotizie sommarie$enote critiche$esussidi documentari 463 \1$1001000015597$12001 $a<>primo viaggio intorno al globo di Antonio Pigafetta e le sue regole sull'arte del navigare 463 \1$1001000015598$12001 $aBibliografia degli scritti italiani o stampati in Italia sopra Cristoforo Colombo, la scoperta del Nuovo Mondo e i viaggi degli italiani in America 620 $aItalia$dRoma 676 $a910.92$v21$9GEOGRAFI, VIAGGIATORI, ESPLORATORI 712 02$aDue Sicilie : Ministero della guerra e della marina$4390 801 0$aIT$bUNIPARTHENOPE$c20080826$gRICA$2UNIMARC 912 $a000015571 951 $aBORB-I/89$cFB$d2008 996 $aRaccolta di documenti e studi pubblicati dalla R. Commissione Colombiana pel quarto centenario dalla scoperta dell'America$91202859 997 $aUNIPARTHENOPE